000 00533nam a2200193Ia 4500
008 140626s9999 xx 000 0 und d
100 _aMazumdar, Suruchi.
245 _aSoft power? China's media investments may not grow its influence /
_cSuruchi Mazumdar.
260 _cc2013.
300 _a40 : 2, page 98
440 _aMedia Asia
521 _aMC
650 _aChina.
650 _aCommunication.
650 _aMedia influence.
650 _aRemaking of china's image.
650 _aSoft power concept.
942 _cSE
999 _c121191
_d121191